LEADER 03851nam 22009135 450 001 9910792523003321 005 20221107062033.0 024 7 $a10.1515/9781785332708 035 $a(CKB)3710000001060330 035 $a(MiAaPQ)EBC4452097 035 $a(DE-B1597)637490 035 $a(DE-B1597)9781785332708 035 $a(OCoLC)973325270 035 $a(EXLCZ)993710000001060330 100 $a20221107h20162016 fg 101 0 $aeng 135 $aur||||||||||| 181 $ctxt$2rdacontent 182 $cc$2rdamedia 183 $acr$2rdacarrier 200 10$aReluctant Intimacies $eJapanese Eldercare in Indonesian Hands /$fBeata ?witek 210 1$aNew York; $aOxford : $cBerghahn Books, $d[2016] 210 4$dİ2016 215 $a1 online resource (242 p.) 311 $a1-78533-269-4 311 $a1-78533-270-8 327 $tFrontmatter -- $tContents -- $tList of Illustrations -- $tAcknowledgements -- $tNote on Language -- $tList of Abbreviations -- $tMap 1 Distribution of Indonesian caregiver candidates who arrived in Japan in 2008 -- $tMap 2 Distribution of Indonesian caregiver and nurse candidates who arrived in Japan in 2008 -- $tIntroduction -- $tChapter 1 Imagining Life and Work in Japan -- $tChapter 2 Working Intimacies -- $tChapter 3 Intimate Management -- $tChapter 4 National Predicaments -- $tConclusion Reluctant Intimacies -- $tBibliography -- $tIndex 330 $aBased on seventeen months of ethnographic research among Indonesian eldercare workers in Japan and Indonesia, this book is the first ethnography to research Indonesian care workers? relationships with the cared-for elderly, their Japanese colleagues, and their employers. Through the notion of intimacy, the book brings together sociological and anthropological scholarship on the body, migration, demographic change, and eldercare in a vivid account of societal transformation. Placed against the background of mass media representations, the Indonesian workers? experiences serve as a basis for discussion of the role of bodily experience in shaping the image of a national ?other? in Japan. 606 $aOlder people$xCare$zJapan 606 $aCaregivers$zJapan 606 $aIndonesia$xForeign economic relations$zJapan 606 $aJapan$xForeign economic relations$zIndonesia 610 $aanthropological scholarship. 610 $aanthropological studies. 610 $aanthropology. 610 $aasia. 610 $abiographical. 610 $acareer. 610 $acaregiver. 610 $ademographic change. 610 $ademography. 610 $adisease health issues. 610 $adying. 610 $aelder care. 610 $aeldercare. 610 $aengaging. 610 $aethnographic research. 610 $aethnography. 610 $afamily. 610 $agenerational. 610 $agerontology. 610 $aillness. 610 $aimmigration and immigrants. 610 $aindonesian eldercare. 610 $aindonesian workers. 610 $aintimacy. 610 $ajapan. 610 $ajapanese colleagues. 610 $amass media. 610 $anursing homes. 610 $apage turner. 610 $arealistic. 610 $asocial science. 610 $asocial sciences. 610 $asocietal transformation. 610 $asociology. 610 $aworking class. 615 0$aOlder people$xCare 615 0$aCaregivers 615 0$aIndonesia$xForeign economic relations 615 0$aJapan$xForeign economic relations 676 $a362.6/30899922052 700 $a?witek$b Beata, $4aut$4http://id.loc.gov/vocabulary/relators/aut$01214957 801 0$bDE-B1597 801 1$bDE-B1597 906 $aBOOK 912 $a9910792523003321 996 $aReluctant intimacies$92806033 997 $aUNINA LEADER 03508nam 2200937z- 450 001 9910557793903321 005 20210501 035 $a(CKB)5400000000045449 035 $a(oapen)https://directory.doabooks.org/handle/20.500.12854/68371 035 $a(oapen)doab68371 035 $a(EXLCZ)995400000000045449 100 $a20202105d2021 |y 0 101 0 $aeng 135 $aurmn|---annan 181 $ctxt$2rdacontent 182 $cc$2rdamedia 183 $acr$2rdacarrier 200 00$aRefrigeration, Air Conditioning and Heat Pumps$eEnergy and Environmental Issues 210 $aBasel, Switzerland$cMDPI - Multidisciplinary Digital Publishing Institute$d2021 215 $a1 online resource (180 p.) 311 08$a3-03943-823-9 311 08$a3-03943-824-7 330 $aRefrigeration, air conditioning, and heat pumps (RACHP) have an important impact on the final energy uses of many sectors of modern society, such as residential, commercial, industrial, transport, and automotive. Moreover, RACHP also have an important environmental impact due to the working fluids that deplete the stratospheric ozone layer, which are being phased out according to the Montreal Protocol (1989). Last, but not least, high global working potential (GWP), working fluids (directly), and energy consumption (indirectly) are responsible for a non-negligible quota of greenhouse gas (GHG) emissions in the atmosphere, thus impacting climate change. 517 $aRefrigeration, Air Conditioning and Heat Pumps 606 $aHistory of engineering and technology$2bicssc 610 $aair conditioning 610 $aAtomic Air 610 $acascade 610 $achiller 610 $aCO2 610 $aCO2 reset 610 $acommercial refrigeration 610 $acommercial/retail refrigeration 610 $aconsumer habits 610 $adamper control 610 $ademand response (DR) 610 $ademand side management (DSM) 610 $ademand-based control 610 $adistrict cooling 610 $adomestic refrigerator 610 $aejector 610 $aenergy analysis 610 $aenergy consumption 610 $aenergy efficiency 610 $aenergy saving 610 $aenergy storage 610 $aflexibility 610 $agood practices 610 $aground source heat pump 610 $aground source heat pumps 610 $aheat pump 610 $aheat recovery 610 $ahorizontal heat exchanger 610 $ahuman well-being 610 $aHVAC 610 $aIAQ 610 $aindustrial refrigeration 610 $aliquid to compressed natural gas 610 $aLNG 610 $alow GWP refrigerants 610 $aparallel compression 610 $apressure based control 610 $aR32 610 $aR410A 610 $aR454B 610 $aR744 610 $aR744 transcritical booster 610 $astatic pressure reset 610 $asubcritical booster 610 $asurveys 610 $athermal energy storage 610 $atranscritical vapor-compression system 610 $atropical climate 610 $atwo-phase ejector 615 7$aHistory of engineering and technology 700 $aPolonara$b Fabio$4edt$0760122 702 $aPolonara$b Fabio$4oth 906 $aBOOK 912 $a9910557793903321 996 $aRefrigeration, Air Conditioning and Heat Pumps$93023934 997 $aUNINA